• 首页
  • 本馆介绍
  • 公告通知
  • 最新文献
  • 馆藏检索
  • 电子资源
  • 读者导购
  • 参考咨询
  • 我的图书馆
  • 登录
  • 详细信息显示
  • 放入我的书架
  • 预约/预借图书
  • 作者相关作品
  • 分类相关作品
  • 丛书相关作品
  • 出版社相关作品

书目信息

  • 表格格式
  • 工作单格式
  • 卡片格式
题名:
68所名校100分阅读训练
    
 
作者: ;68所名校科教所 主编
分册:   六年级
出版信息: 长春   长春出版社  2017.02
页数: 167页
开本: 26cm
丛书名:
单 册:
中图分类: G624.233
科图分类:
主题词: 阅读课--小学--教学参考资料
电子资源:
ISBN: 978-7-5445-4718-5
000 00972nam0 2200229 450
001 0103152702
005 20201103152733.0
010    @a978-7-5445-4718-5@dCNY28.00
100    @a20170619e20182017cemy0chiy50 ea
101 0  @achi
102    @aCN@b220000
105    @ay z 000yy
106    @ar
200 1  @a68所名校100分阅读训练@A68 suo ming xiao 100 fen yue du xun lian@i六年级@f68所名校教科所主编
210    @a长春@c长春出版社@d2017.02@h2018.04
215    @a167页@d26cm
330    @a阅读是小学语文教学的核心环节,众多名校都具有独自有效的训练方法,本丛书就是博众名校之所长,在他们成功经验的基础上编写而成的。丛书按学年编写,每年级一本,共六本。选文精美,训练准,难度适中。其编排方法独特,目标明确,效果突出,是众名校训练的总结,是一套优秀的小学生课外阅读训练书。
606 0  @a阅读课@x小学@j教学参考资料
690    @aG624.233@v5
711 02 @a68所名校科教所@A68 suo ming xiao jiao ke suo@4主编
801  0 @aCN@bBJSZM@c20201103
905    @b1258026-30@dG624.233@e1084@f5
    
    68所名校100分阅读训练.六年级/68所名校教科所主编.-长春:长春出版社,2017.02(2018.04)
    167页;26cm
    
    
    ISBN 978-7-5445-4718-5:CNY28.00
    阅读是小学语文教学的核心环节,众多名校都具有独自有效的训练方法,本丛书就是博众名校之所长,在他们成功经验的基础上编写而成的。丛书按学年编写,每年级一本,共六本。选文精美,训练准,难度适中。其编排方法独特,目标明确,效果突出,是众名校训练的总结,是一套优秀的小学生课外阅读训练书。
●
相关链接 在E读中查询图书 在五车中查询图书 在当当中查询图书 在豆瓣中查询图书


正题名:68所名校100分阅读训练     索取号:G624.233/1084         预约/预借

序号 登录号 条形码 馆藏地/架位号 状态 备注
1 1258026   212580269   第一样本阅览室/ [索取号:G624.233/1084] 在馆    
2 1258027   212580278   教育系资料室/ [索取号:G624.233/1084] 在馆    
3 1258028   212580287   教育系资料室/ [索取号:G624.233/1084] 在馆    
4 1258029   212580296   第四借阅区/ [索取号:G624.233/1084] 在馆    
5 1258030   212580303   第四借阅区/ [索取号:G624.233/1084] 在馆    
唐山师范学院图书馆 欢迎您!
大连网信软件有限公司© 版权所有